000 01504nam a2200253Ia 4500
003 Ost
005 20260507075148.0
008 260507s9999||||xx |||||||||||||| ||und||
020 _a1130212977
040 _cfsecg
041 _aara
082 _a330
100 _aعباس، صلاح
_eمؤلف
245 0 _aالعولمة و تطور الفكر الإداري /
_c صلاح عباس
260 _aالاسكندرية:
_bمؤسسة شباب الجامعة,
_c2009
300 _a143 صفحة؛
_bإيضاحات ؛
_c24 سم
504 _aمراجع ص.135 ؛ فهرس الاشكال ص.136 ؛فهرس الجداول ص.141
520 _aالعولمة و أثرها في الفكر الاداري ، تطور الفكر الاداري التقليدي ، الأساس الفكري للادارةالتقليدية المعاصرة ، التكامل في عمل الادارة ، الادارة الاستراتيجية ، البيئة الخاصة للمنظمة ، خصائص السوق و هيكل المنافسة ، تطور السوق و منوه ، الادارة الاستراتيجية عالمية المعرفة ، إعادة تحديد دور الفرد و المجتمع ، اقتصاد يعتمد على المعلومات ، صحة الفرد و البيئة ، بعد حرب الخليج
653 _aالإدارة
653 _aالإدارة- العولمة
653 _aالتطوير الإداري
653 _aالتنمية الإدارية
942 _cكتاب
999 _c43329
_d43329